LEADER 01782nam a2200373 a 4500 001 000000127932 003 CaOOAMICUS 005 20120309145221.0 008 120309s2011 it d u000 u ita r 020 $a978-88-6372-357-1 040 $aPUL$bita 082 04$a282.092 245 03$aLe fatiche di Benedetto XIV :$borigine ed evoluzione dei trattati di Prospero Lambertini (1675-1758) /$ca cura di Maria Teresa Fattori ; prefazione di Carlo Card. Caffarra. 260 $aRoma :$bEdizioni di Storia e Letteratura,$c2011. 300 $aLXVI, 382 p. :$bgrafici ;$c24 cm 490 1 $aTemi e testi ;$v97 500 $aInclude indice. 504 $aBibliografia p. [335]-365. 600 04$aBenedictus PP.$bXIV,$d1675-1758.$0(OLS)http://pul/subject/2279 700 1 $aFattori, Maria Teresa.$0(OLS)http://pul/name/42886 700 1 $aCaffarra, Carlo,$ccard.$0(OLS)http://pul/name/13086 830 0$aTemi e testi (Edizioni di storia e letteratura) ;$v97.$0(OLS)http://pul/title/615 850 $aPUL 852 $aPUL$W1$xSL Religione 3$y85$m282. 092 FATMA 1$j148080$qDDC 21$B146677$CPULBib$Z2$F146677 $H118906 $82 941 1 $a9 960 $aPapi (1740-1758 : Benedictus PP. XIV)$92279 960 $aPapi (1740-1758 : Benedictus PP. XIV)$92279 960 $aBenedetto$bXIV,$cpapa,$d1675-1758$92279 960 $aLambertini, Prospero,$d1675-1758$92279 996 $6020$a978-88-6372-357-1$9(OLS)http://pul/number/149117 996 $6082$a282.092$9(OLS)http://pul/classification/402 996 $6245$aLe fatiche di Benedetto XIV :$borigine ed evoluzione dei trattati di Prospero Lambertini (1675-1758)$9(OLS)http://pul/title/161674 996 $6260$aRoma :$bEdizioni di Storia e Letteratura$9(OLS)http://pul/publisher/48123 LEADER 00724naa a2200193 u 4500 001 000000095039 003 CaOOAMICUS 005 20070226130141.0 008 040524s1976 it u000 u fre u 035 $a10996530 040 $aIAR$bita 100 1 $aHubert, Jean,$d1902-$0(OLS)http://pul/name/60992 245 10$aRome et la renaissance carolingienne /$cJean Hubert. 260 $aRoma :$bMultigrafica,$c1976. 300 $aS. 7-14, ;$c31 cm 773 0 $aRoma e l'età carolingia. 773 0 $tRoma e l'età carolingia : Atti delle giornate di studio, 3-8 maggio, 1976$w()24249 996 $6245$aRome et la renaissance carolingienne$9(OLS)http://pul/title/121924 996 $6260$aRoma :$bMultigrafica$9(OLS)http://pul/publisher/49684